Journal of african development affairs (ADA) (Record no. 38347)
[ view plain ]
| 000 -LEADER | |
|---|---|
| fixed length control field | 00494nam a2200157Ia 4500 |
| 022 ## - INTERNATIONAL STANDARD SERIAL NUMBER | |
| ISSN | 21411379 |
| 050 ## - CALL MARK | |
| Classification number | DT 515.57 .A36/ |
| 245 #0 - TITLE STATEMENT | |
| Title | Journal of african development affairs (ADA) |
| 260 ## - PUBLICATION, DISTRIBUTION, ETC. (IMPRINT) | |
| Place of publication | Kano |
| 260 ## - PUBLICATION, DISTRIBUTION, ETC. (IMPRINT) | |
| Name of publisher | Department of Banking & Finance NSUK |
| 260 ## - PUBLICATION, DISTRIBUTION, ETC. (IMPRINT) | |
| Year of publication | 2009 |
| 650 ## - SUBJECT ADDED ENTRY--TOPICAL TERM | |
| Topical Term | Nigeria--History--Periodicals. Nigeria--Politics and government--Periodicals. Africa--History--Periodicals. |
| 942 ## - ADDED ENTRY ELEMENTS (KOHA) | |
| Koha item type | Serials |
No items available.